000 00536nam a2200145Ia 4500
008 100415s9999 xx 000 0 und d
082 _b10370
_a595.76(54)
100 _aFraser FC
245 _aThe Fauna of British India including Ceylon and Burma : Vol. II Odonata
260 _aNEW DELHI
_c134
_bTODAY & TOMORROW'S PRINTERS &
365 _b0
630 _aThe Fauna of British India including Ceylon and Burma : Vol. II Odonata
730 _aThe Fauna of British India including Ceylon and Burma : Vol. II Odonata
942 _cBOOK
999 _c593299
_d593296